Normal view
MARC view
Entry Personal Name
001 - CONTROL NUMBER
- control field: 17425
003 - CONTROL NUMBER IDENTIFIER
- control field: OSt
005 - DATE AND TIME OF LATEST TRANSACTION
- control field: 20240809153939.0
008 - FIXED-LENGTH DATA ELEMENTS
- fixed length control field: 240809|| aca||aabn | a|a d
040 ## - CATALOGING SOURCE
- Original cataloging agency: OSt
- Transcribing agency: OSt
100 ## - HEADING--PERSONAL NAME
- Personal name: Mulokozi M.M and Massamba D.P.B
670 ## - SOURCE DATA FOUND
- Source citation: Work cat.: (OSt)18190: Mulokozi M.M and Massamba D.P.B, Kiswahili --Jarida la Taasisi Ya Uchunguzi Wa Kiswahili, 1997
